000 00827cam a2200277 a 4500
003 EG-GiCUC
008 080827s1970 ua a b 000 0 eng
040 _aDLC
_cDLC
_dDLC
050 0 0 _aQK99
_b.J32
092 0 4 _a581.634
_bB172 1970
_221
099 _a04
_a581.634 B172 1970
100 1 _aJain, S. K.
_q (Sudhanshu Kumar),
_d 1926-
245 1 0 _aMedicinal plants /
_c[by] S. K. Jain.
250 _a3rd ed
260 _a[Cairo],
_bGenral Organization for University and School Books
_c[1970]
300 _a611p.
_billus. (part col.)
_c21 cm.
650 0 _aMedicinal plants
700 1 _aBalbaʻ, Shafik I
700 1 _aHilal, Sayed H.
700 1 _aZaki, Ashgan Y.
902 _a1
905 _aEman
_eRev
905 _aJamal
_eCat.
942 _2ddc
_cBK
999 _c108465
_d108465